000
00299nam a22001337a 4500
008
170922b xxu||||| |||| 00| 0 eng d
020
_a
0137292112
041
_a
eng
080
_2
2ND
_a
37
100
_a
46
101
_a
EDU
245
_a
PROGRAMED SPELLING DEMONS
_c
FEINSTEIN,G.W
942
_2
udc
_c
BK
999
_c
29198
_d
29198